[Event "RUS Cup Final Men 2018"]
[Site "Khanty-Mansiysk"]
[Date "2018.12.05"]
[Round "1.1"]
[White "Jakovenko, Dmitry"]
[Black "Afanasiev, Nikita"]
[Result "0-1"]
[WhiteElo "2735"]
[BlackElo "2494"]
[Annotator "TA"]
[PlyCount "62"]
[EventDate "2018.12.05"]
[EventType "k.o."]
[EventCountry "RUS"]
[SourceTitle "playchess.com"]
[Source "ChessBase"]
[SourceQuality "1"]

{[%evp 21,62,40,43,22,12,8,8,0,0,-13,-13,-80,-75,-85,-55,-73,-70,-62,-60,-148,-136,-206,-205,-234,-171,-170,-147,-398,-398,-402,-414,-499,-491,-731,-670,-688,-715,-695,-695,-814,-802,-750,-778]} 1. e4 d6 2. d4 Nf6 3. Nc3 e5 4. Nf3 Nbd7 5. Bc4 Be7 6. O-O O-O 7. a4 a5 8. Qe2 c6 9. Rd1 Qc7 10. Ba2 {C41: Philidor Defence} exd4 11. Nxd4 Nc5 {LiveBook: 6 Games} (11... Re8 12. Bf4 Ne5 13. h3 Bf8 14. Bg5 Qe7 15. f4 Ng6 16. f5 Ne5 17. Kh1 b6 {0-1 (42) Demchenko,A (2629)-Jobava,B (2713) Minsk 2017}) 12. h3 {White is slightly better.} (12. Bf4 {feels hotter.} Ng4 13. h3 Ne5 14. Bg3 Bf6 15. Qe3) 12... Be6 13. Bf4 $146 ({Predecessor:} 13. Nxe6 fxe6 14. Bf4 Nfd7 15. Bg3 Kh8 16. f4 Qb6 17. Kh2 Qxb2 18. Qe3 {1-0 (59) Makropoulou,M (2270)-Stanciu,G (2215) Ankara 1993}) 13... Bxa2 14. Rxa2 g6 15. Qf3 Rfe8 {[%cal Bf8e8,Be8e6,Be6f6][%mdl 32]} 16. Nde2 (16. Raa1 $11) 16... Bf8 $17 {[%cal Rf6e4]} 17. Ng3 {[#]} Re6 $1 18. Qe3 {Qxc5! is the strong threat.} Qb6 19. Bg5 $1 Rae8 20. Bxf6 (20. f3 $15) 20... Rxf6 21. Qd2 {[#]} (21. Kh1 $17 {was necessary.}) 21... h5 $1 $19 {[%cal Bh7h5,Bh5h4][%mdl 32]} 22. Re1 h4 23. Nf1 Rfe6 24. Qf4 $2 {[%mdl 8192] [#]} (24. Raa1 $17) 24... d5 $1 {[%mdl 512]} 25. Nd2 (25. exd5 Rxe1) 25... Qb4 26. Re2 d4 {Black is clearly winning.} 27. Ncb1 (27. Nd1 $142 d3 28. cxd3 Nxd3 29. Qf3) 27... d3 28. cxd3 Nxd3 {[%mdl 64] Double Attack} 29. Qf3 Nc1 {[%mdl 64] Double Attack} 30. Ra3 Nxe2+ 31. Qxe2 Qxb2 {Accuracy: White = 15%, Black = 96%.} 0-1

[Event "RUS Cup Final Men 2018"]
[Site "Khanty-Mansiysk"]
[Date "2018.12.05"]
[Round "1.1"]
[White "Paravyan, David"]
[Black "Tsydypov, Zhamsaran"]
[Result "0-1"]
[WhiteElo "2634"]
[BlackElo "2529"]
[Annotator "TA"]
[PlyCount "108"]
[EventDate "2018.12.05"]
[EventType "k.o."]
[EventCountry "RUS"]
[SourceTitle "playchess.com"]
[Source "ChessBase"]
[SourceQuality "1"]

{[%evp 20,108,0,-14,0,0,0,0,0,0,0,0,0,-22,-23,-12,0,-85,-85,-187,-188,-181,-170,-406,-193,-200,-197,-197,-158,-151,-156,-138,-163,-163,-151,-156,-154,-139,-114,-127,-113,-114,-97,-151,-149,-154,-163,-216,-191,-247,-234,-239,-239,-262,-260,-257,-270,-300,-304,-380,-362,-481,-481,-449,-412,-322,-322,-508,-508,-501,-493,-493,-486,-479,-472,-520,-464,-29973,-29974,-29974,-29975,-29976,-29977,-29977,-29978,-29978,-29979,-29979,-29980,-29983,-29984]} 1. c4 e5 2. Nc3 Nc6 3. Nf3 Nf6 4. e3 Bb4 5. Qc2 Bxc3 6. Qxc3 Qe7 7. b3 {A28: English Opening: Four Knights Variation} d5 8. d4 exd4 9. Nxd4 Nxd4 10. Qxd4 c5 11. Qf4 {LiveBook: 8 Games} g5 $146 {[%cal Rg5f4]} ({Predecessor:} 11... O-O 12. Bb2 d4 13. O-O-O dxe3 14. Re1 Qe4 15. Qxe3 {½-½ (40) Svidler,P (2753)-Navara,D (2741) Biel 2018}) 12. Qxg5 {Hoping for Bb2.} Rg8 13. Qf4 {Black must now prevent Bb2.} Nh5 14. Qh6 Qe5 15. Rb1 {Threatens to win with cxd5.} (15. Qxh7 $2 Qc3+ 16. Kd1 Rg6 $19) 15... Rg6 16. Qxh7 {cxd5 is the strong threat.} Nf4 17. cxd5 $1 Bg4 $40 {[%mdl 128] Black is up to no good.} 18. Bb2 (18. h3 $1 $11 {remains equal.} Bf5 19. Bb2 Qxd5 20. Bb5+ Ke7 21. Qh4+ Kf8 22. Qxf4 (22. Qh8+ Ke7 $14) 22... Bxb1 23. Bc4) 18... Qxd5 $17 19. Bb5+ (19. Qh8+ $17 Kd7 20. f3 (20. Qxa8 $2 Nxg2+ 21. Bxg2 Qxg2 $19) 20... Rxh8 21. Rd1 Nxg2+ 22. Bxg2 Qxd1+ 23. Kxd1) 19... Ke7 $19 20. Qh4+ Ke6 21. Qg3 $2 (21. exf4 Qe4+ {[%mdl 64] Double Attack} 22. Kd2 Qxf4+ 23. Ke1 Qb4+ 24. Kf1 (24. Bc3 $2 Qxc3+ 25. Kf1 Rh8 $19) 24... Be2+ {[%mdl 64] Discovered Attack} 25. Bxe2 Qxh4 26. Bd3) 21... Nxg2+ (21... Nd3+ $142 22. Kf1 Nxb2) 22. Kf1 Bf5 23. e4 Qxe4 24. Bc4+ {[#]} Qxc4+ $1 {[%mdl 512]} 25. bxc4 {aiming for Qe5+.} Rxg3 26. hxg3 Bxb1 27. Kxg2 Bxa2 $17 {[%mdl 4096] Endgame KRB-KRB} 28. Rh4 Bb1 29. Rh6+ Bg6 30. g4 {And now f4 would win.} Rd8 31. Bg7 (31. Ba3 $142) 31... Rg8 32. Bb2 Kd7 33. Kg3 (33. f4 $142) 33... Bf5 $19 34. Rf6 (34. f3 $142) 34... Be6 ({Don't play} 34... Bxg4 35. Rxf7+ Kc6 36. Rf6+ Be6+ 37. Kf3 $17) ({Worse is} 34... Rxg4+ 35. Kf3 $11) 35. Rf4 a6 36. f3 b5 37. cxb5 axb5 38. Bc3 Ra8 39. g5 b4 40. Bxb4 cxb4 41. Rxb4 {KRB-KR} Ke7 42. Rb5 Kf8 43. f4 (43. g6 {is the only way for White.} fxg6 44. Kf4) 43... Ra3+ 44. Kf2 Bg4 45. Kg2 Bd7 46. Rc5 Rb3 47. f5 Rb5 48. Rxb5 {[#]} (48. Rc7 $19 Bxf5 49. Kg3) 48... Bxb5 {KB-KPP. Black mates.} 49. Kf3 Ke7 50. Kg4 Bd3 51. Kf4 Kd6 52. g6 f6 53. g7 Bc4 54. Kg4 Ke5 {Accuracy: White = 39%, Black = 79%.} 0-1

[Event "RUS Cup Final Men 2018"]
[Site "Khanty-Mansiysk"]
[Date "2018.12.05"]
[Round "1.1"]
[White "Sarana, Alexey"]
[Black "Pridorozhni, Aleksei"]
[Result "1-0"]
[WhiteElo "2618"]
[BlackElo "2567"]
[Annotator "TA"]
[PlyCount "135"]
[EventDate "2018.12.05"]
[EventType "k.o."]
[EventCountry "RUS"]
[SourceTitle "playchess.com"]
[Source "ChessBase"]
[SourceQuality "1"]

{[%evp 19,135,37,48,21,36,32,46,29,38,43,71,70,78,69,75,85,86,86,87,94,198,198,194,197,192,198,198,197,197,197,191,131,67,32,29,0,0,0,0,0,0,0,11,0,0,0,0,0,0,0,0,0,0,0,0,0,6,0,0,0,0,0,0,0,8,0,0,0,10,10,291,290,281,272,198,149,375,375,375,375,375,368,498,516,531,520,520,446,475,414,396,214,510,582,562,564,610,572,694,697,658,623,1024,1011,990,1268,1241,1121,1809,2034,29970,29976,29974,29974,29970,29970,29977,29976]} 1. d4 g6 2. c4 Bg7 3. Nc3 Nf6 4. e4 d6 5. h3 O-O 6. Be3 e5 7. d5 a5 8. g4 {E71: King's Indian: 4 e4 d6 5 h3} Na6 9. Nge2 h5 (9... c6 10. Ng3 Nc5 11. g5 Nfd7 12. h4 cxd5 13. Nxd5 Nb6 14. Nc3 Be6 15. b3 a4 {1-0 (36) Ding,L (2777)-Amonatov,F (2636) Riadh 2017}) 10. f3 Nh7 {LiveBook: 3 Games} 11. gxh5 $146 ({Predecessor:} 11. Qd2 h4 12. Rg1 Bd7 13. O-O-O Nc5 14. Nb5 Bxb5 15. cxb5 Bf6 {1-0 (45) Ma,Z (2458)-Li,S (2524) Beijing 2017}) 11... Qh4+ 12. Bf2 Qxh5 13. Ng3 Qh6 14. h4 Nf6 15. h5 Nxh5 16. Nxh5 gxh5 17. Qd2 Qxd2+ 18. Kxd2 f5 19. Rxh5 b6 (19... Rf6 $16) 20. Bh3 $1 $18 {[%cal Re4f5]} fxe4 21. Nxe4 Rxf3 22. Bxc8 Rxc8 23. Rg1 Rcf8 24. Be3 {[%mdl 1024] Bh6 is the strong threat. White has strong compensation.} Rf1 {[#]} 25. Rg2 (25. Rg4 $1 $18) 25... Nc5 $16 26. Ng5 (26. Ng3 $5 {[%cal Rg3f1]} R1f3 27. Bxc5 bxc5 28. Ne4 $11) 26... R8f6 $1 27. Rhh2 (27. Bxc5 $5 bxc5 28. Ne6 R6f2+ 29. Rxf2 Rxf2+ 30. Ke3 $11) 27... Rg6 $1 28. Bxc5 bxc5 29. Ne6 Rg1 30. Rxg6 Rxg6 31. Nxc7 $11 {[%mdl 4096] Endgame KRB-KRN} e4 32. Kc2 a4 33. Re2 Be5 34. Nb5 Kf7 35. b3 axb3+ 36. Kxb3 Rg3+ 37. Kc2 Rg1 38. Rxe4 Rg2+ 39. Kb3 Rb2+ 40. Ka3 Rb4 {[%csl Gb4][%cal Re5b2]} 41. Re2 Kf6 42. Rc2 Kf5 43. Na7 Rb1 44. Nc6 Bf4 $2 {[%mdl 8192]} (44... Ke4 $11) 45. Re2 $18 Kg4 46. Ka4 Kf3 47. Rc2 Ke4 $2 {[#]} (47... Rb7 $16 48. Rc3+ Be3) 48. Rc3 $1 {[%cal Rc3b3]} Bd2 49. Rb3 Ra1 50. a3 Bc1 51. Nd8 Kd4 52. Kb5 Bxa3 53. Nf7 Bc1 54. Nxd6 Bf4 55. Nf5+ (55. Nb7 $142) 55... Ke4 $2 (55... Ke5 56. Ng3 (56. Kxc5 Kxf5 57. Kc6 Ke4 $11) 56... Ra2 57. Kxc5 Ra8) 56. Ng3+ Ke5 57. Ne2 Bg5 58. Rg3 Bd8 59. Kxc5 Ra5+ 60. Kb4 Ra1 61. Re3+ Kd6 62. c5+ Kd7 63. Rh3 Bf6 64. Rh7+ Kc8 65. Nf4 {White mates.} Rd1 66. Kb5 Rd4 67. Nh5 Bd8 68. d6 {Accuracy: White = 73%, Black = 51%.} 1-0

[Event "RUS Cup Final Men 2018"]
[Site "Khanty-Mansiysk"]
[Date "2018.12.05"]
[Round "1.1"]
[White "Chigaev, Maksim"]
[Black "Sorokin, Aleksey"]
[Result "1/2-1/2"]
[WhiteElo "2606"]
[BlackElo "2524"]
[Annotator "TA"]
[PlyCount "81"]
[EventDate "2018.12.05"]
[EventType "k.o."]
[EventCountry "RUS"]
[SourceTitle "playchess.com"]
[Source "ChessBase"]
[SourceQuality "1"]

{[%evp 17,81,7,11,10,12,0,18,20,21,21,22,34,32,27,38,38,49,51,60,35,66,44,74,58,48,58,41,19,55,-12,0,0,0,0,0,0,0,0,0,0,16,19,43,43,33,0,0,0,0,0,0,0,0,0,0,0,0,0,0,0,0,0,0,0,0,0]} 1. e4 c6 2. d4 d5 3. e5 Bf5 4. h4 h5 5. Bd3 Bxd3 6. Qxd3 e6 7. Bg5 {B12: Caro-Kann: Advance Variation} Be7 8. Nf3 Nh6 9. Nbd2 Nf5 {LiveBook: 14 Games} 10. c3 Nd7 11. Qe2 $146 ({Predecessor:} 11. Nf1 c5 12. Ng3 g6 13. Nxf5 gxf5 14. O-O Rc8 {½-½ (56) Lomasov,S (2540)-Le,Q (2715) Douglas 2018}) 11... Qb6 12. Bxe7 Kxe7 13. Nb3 {[%cal Bd2b3,Bb3c1,Bc1d3][%mdl 32]} a5 14. Qd2 a4 15. Nc1 c5 16. O-O cxd4 17. cxd4 Qa5 {...Qxd2 is the strong threat.} 18. Qf4 Qb5 19. Rd1 Nb8 20. Nd3 Nc6 21. Rac1 b6 22. Qg5+ Kd7 $1 23. Qf4 (23. Nf4 $14) 23... Rac8 24. Rc3 Nb4 25. Nxb4 Qxb4 {[%mdl 64] [#] Double Attack} 26. Qd2 Rxc3 27. bxc3 Qa5 28. Ng5 f6 29. exf6 gxf6 30. Nh3 {Hoping for Nf4.} Rc8 ({Don't play} 30... Nxh4 $6 31. Nf4 $18) 31. Qe2 {Strongly threatening Nf4.} Qxc3 {The position is equal.} 32. Nf4 Nxd4 33. Qxh5 Kd6 34. Qf7 {aiming for Kh1.} Rc4 {Threatens to win with ...Nf3+!} 35. Kh1 Qc2 {[%mdl 64] [#] Double Attack} 36. Rxd4 $1 Qb1+ $1 37. Kh2 Rxd4 38. Qxe6+ Kc5 39. Qxf6 {And now Ne6+ would win.} Rd1 40. Qe7+ Kb5 41. Qd7+ {Accuracy: White = 72%, Black = 55%.} 1/2-1/2

[Event "RUS Cup Final Men 2018"]
[Site "Khanty-Mansiysk"]
[Date "2018.12.05"]
[Round "1.1"]
[White "Timofeev, Artyom"]
[Black "Volkov, Sergey"]
[Result "1/2-1/2"]
[WhiteElo "2589"]
[BlackElo "2583"]
[Annotator "TA"]
[PlyCount "80"]
[EventDate "2018.12.05"]
[EventType "k.o."]
[EventCountry "RUS"]
[SourceTitle "playchess.com"]
[Source "ChessBase"]
[SourceQuality "1"]

{[%evp 13,80,15,14,10,34,34,35,43,40,36,54,26,24,17,24,0,0,0,0,-25,-26,-26,-12,-39,-37,-39,-26,-39,-37,-37,-37,-39,-38,-45,0,0,-8,-8,20,0,0,0,0,0,0,0,8,0,0,0,0,0,0,0,0,0,0,0,0,0,0,0,0,0,0,0,0,0,0]} 1. c4 e5 2. e3 Nf6 3. Nc3 Bb4 4. Nge2 c6 5. a3 Ba5 6. b4 {A22: English Opening: 1...e5 2 Nc3 Nf6} Bc7 7. d4 O-O {LiveBook: 6 Games} 8. Bb2 Re8 $146 ({Predecessor:} 8... d6 9. Ng3 Nbd7 10. Be2 Nb6 11. Qc2 exd4 12. exd4 {1-0 (69) Vitiugov,N (2681)-Bu,X (2702) Sochi 2009}) 9. d5 {aiming for d6.} d6 10. Ng3 cxd5 11. cxd5 Nbd7 12. Rc1 a6 13. Be2 b5 14. Qc2 Bb8 15. O-O Nb6 16. Rfd1 Bd7 17. h3 Ra7 18. Nf5 g6 19. Ng3 Rc7 20. Qb3 Qe7 21. Nce4 Nxe4 22. Nxe4 Rxc1 23. Rxc1 Rc8 24. Rxc8+ {The position is equal.} Bxc8 25. Nc3 Bd7 26. Bc1 Ba7 27. Qc2 Be8 28. e4 Qc7 {[#] White must now prevent ...Na4.} 29. Bd3 Na4 30. Nxa4 Qxc2 31. Bxc2 {Hoping for Nb2.} bxa4 32. Be3 Bxe3 33. fxe3 $11 {[%mdl 4096] Endgame KB-KB} Bb5 34. h4 f6 35. Kf2 Kf7 36. g3 Ke7 37. Ke1 Kd7 38. Kd2 Kc7 39. Bd1 h5 40. Bc2 Kb6 {Accuracy: White = 61%, Black = 78%.} 1/2-1/2

[Event "RUS Cup Final Men 2018"]
[Site "Khanty-Mansiysk"]
[Date "2018.12.05"]
[Round "1.1"]
[White "Vavulin, Maxim"]
[Black "Kokarev, Dmitry"]
[Result "0-1"]
[WhiteElo "2565"]
[BlackElo "2598"]
[Annotator "TA"]
[PlyCount "138"]
[EventDate "2018.12.05"]
[EventType "k.o."]
[EventCountry "RUS"]
[SourceTitle "playchess.com"]
[Source "ChessBase"]
[SourceQuality "1"]

{[%evp 15,138,9,14,-7,-20,-12,0,0,-8,-12,-3,-35,-37,-36,-28,-47,-49,-52,-34,-47,-37,-27,-38,-44,-47,-135,-129,-120,-125,-140,-130,-152,-98,-80,-85,-90,-89,-104,-96,-89,-92,-102,-91,-100,-106,-101,-87,-83,-86,-171,-160,-178,-178,-164,-153,-222,-161,-231,-214,-234,-198,-199,-199,-221,-221,-228,-231,-231,-228,-230,-207,-212,-197,-212,-201,-326,-222,-277,-216,-211,-197,-367,-270,-231,0,-362,-185,-270,-228,-231,-224,-335,-225,-209,-208,-225,-229,-224,-220,-365,-190,-478,-179,-238,-207,-232,-197,-575,-566,-560,-542,-529,-508,-636,-636,-625,-579,-2065,-568,-1438,-623,-29982,-29984,-29984,-29985]} 1. e4 c5 2. Nf3 d6 3. d4 cxd4 4. Nxd4 Nf6 5. Nc3 a6 6. Be3 e5 7. Nb3 Be6 8. Be2 Be7 {LiveBook: 929 Games} 9. h4 {B92: Sicilian Najdorf: 6 Be2} O-O $146 ({Predecessor:} 9... h5 10. Nd5 Bxd5 11. exd5 Nbd7 12. c4 g6 13. g3 b6 14. Nd2 a5 15. f4 Qc8 16. O-O Nc5 {1-0 (27) So,W (2776)-Bosiocic,M (2600) Batumi 2018}) 10. Bf3 a5 11. a3 {The position is equal.} a4 12. Nc1 Nc6 {[%cal Bb8c6,Bc6a5,Ba5c4][%mdl 32]} 13. N1e2 Na5 14. h5 h6 15. Qd3 Nc4 $36 {[%mdl 2048] Black has some pressure.} 16. Bc1 Qb6 17. Rb1 Qc5 18. O-O Rfc8 19. Rd1 Bd8 20. b3 (20. Ng3 $15) 20... axb3 (20... Nxa3 21. b4 $16) 21. Rxb3 Bb6 22. Rf1 Qc7 23. Kh1 Bc5 (23... Na5 $142 24. Rb1 Bc4) 24. Nd5 $17 Bxd5 25. exd5 {[#]} Bxa3 $1 {[%mdl 512]} 26. Bxa3 (26. Rxa3 Nxa3) 26... Nxa3 27. Rxa3 {And now Rc3 would win.} e4 28. Bxe4 Rxa3 {[#]} 29. Bh7+ $1 {[%mdl 512]} Nxh7 30. Qxa3 Qc4 31. Qd3 Qxc2 32. Qb5 (32. Qxc2 $17 Rxc2 33. Nd4) 32... Rb8 $19 33. Kg1 Nf6 34. Ng3 Qc5 35. Qb1 (35. Rb1 $17 {keeps fighting.}) 35... Qxd5 (35... Nxd5 36. Rc1) 36. Rd1 (36. Nf5 {might work better.} Qe5 37. Re1) 36... Qe5 37. Re1 Qf4 38. Qb6 d5 39. Rd1 Qg4 40. Rd4 Qe6 41. Qb1 b5 42. Rb4 Qc6 43. Nf5 Qc5 44. Qb2 Rb6 ({Inferior is} 44... Nxh5 45. Rh4 $11) 45. Rf4 (45. g4 $142) 45... d4 ({Don't take} 45... Nxh5 46. Rg4 $19) 46. Nxd4 Qxh5 47. Nf5 Re6 {[%cal Re6e1]} 48. Qc3 $2 (48. Ne3 {was called for.}) 48... Qd1+ 49. Kh2 Qh5+ (49... Ng4+ $142 50. Kg3 Nf6) 50. Kg1 $1 {[#]} Qe2 (50... b4 $142 $1 51. Qc1 (51. Qxb4 Nd5) 51... b3) 51. Kh2 (51. g3 $142) 51... Kh7 52. Nd4 Qh5+ 53. Kg1 (53. Qh3 {is the only way for White.} Re5 54. Qxh5 Rxh5+ 55. Kg1) 53... Re8 54. Nf3 Kg8 55. Qd3 Qc5 {White must now prevent ...Qc1+.} 56. Rf5 Qc1+ 57. Kh2 (57. Qf1 {was the only chance.} Qxf1+ 58. Kxf1) 57... Qc4 (57... b4 $142 58. Rb5 Re4) 58. Qd6 $2 (58. Qxc4 bxc4 59. Rc5) 58... Ne4 $2 (58... Ng4+ 59. Kg3 {[#]} Nxf2 $1 {[%mdl 512]}) 59. Qb6 (59. Qd7 $142 Qe6 60. Qxe6 Rxe6 61. Nd4) 59... b4 {Threatens to win with ...Nf6.} 60. Rb5 Qe2 61. Re5 $2 (61. Rxb4 Qxf2 62. Qxf2 Nxf2 63. Kg1) 61... Rxe5 62. Qb8+ Kh7 {( -> ...Rh5+)} 63. Qxe5 {intending Qf5+.} Qc4 64. Qf5+ g6 65. Qf4 Qd5 66. Ne5 Kg7 (66... g5 $142 67. Qf5+ Kg7) 67. Nxf7 g5 (67... Qxf7 $2 68. Qxe4 b3 69. Qb4 $19) (67... b3 $142 68. f3 g5) 68. Qf3 Qxf7 69. Qxe4 Qf4+ {Accuracy: White = 31%, Black = 62%.} 0-1

[Event "RUS Cup Final Men 2018"]
[Site "Khanty-Mansiysk"]
[Date "2018.12.05"]
[Round "1.1"]
[White "Bocharov, Dmitry"]
[Black "Predke, Alexandr"]
[Result "0-1"]
[WhiteElo "2533"]
[BlackElo "2622"]
[Annotator "TA"]
[PlyCount "68"]
[EventDate "2018.12.05"]
[EventType "k.o."]
[EventCountry "RUS"]
[SourceTitle "playchess.com"]
[Source "ChessBase"]
[SourceQuality "1"]

{[%evp 13,68,19,14,7,2,3,0,0,0,0,0,0,0,-15,-19,-22,-15,-39,-33,-59,-16,-21,-42,-39,-19,-55,-70,-98,-98,-100,-96,-97,-104,-131,-95,-98,-79,-72,-60,-97,137,-75,137,136,130,-191,-190,-197,-183,-193,-174,-308,-269,-318,-335,-326,-333]} 1. Nf3 b6 2. g3 Bb7 3. Bg2 Nf6 4. O-O e6 5. d3 d5 6. Nbd2 Nbd7 7. Re1 Bc5 {LiveBook: 26 Games. Strongly threatening ...Bxf2+!} 8. e3 {A05: Réti Opening: 1 Nf3 Nf6} (8. c4 O-O 9. a3 a5 10. cxd5 exd5 11. Nb3 Be7 12. Nbd4 Re8 13. Bf4 Nh5 14. Bd2 a4 15. b4 axb3 16. Qxb3 {½-½ (41) Anton Guijarro,D (2654)-Bruzon Batista,L (2643) Tbilisi 2017}) 8... O-O 9. c4 Be7 $146 ({Predecessor:} 9... a5 10. b3 Qe7 {½-½ (10) Junge,K (2232)-Kalabic,F (2214) Germany 2017}) 10. Qc2 {The position is equal.} a5 11. b3 a4 12. bxa4 Nc5 13. Ba3 Nxa4 14. Bxe7 Qxe7 15. d4 c5 16. dxc5 Qxc5 17. Rac1 Rfc8 18. Qb1 Qa5 19. Rc2 dxc4 20. Nxc4 Qc5 $1 {aiming for ...b5.} 21. Rcc1 Bd5 22. Ncd2 Nc3 {[%mdl 64] Double Attack} 23. Qd3 Rxa2 24. Nd4 Bxg2 25. Kxg2 Ng4 $36 {[%mdl 2048] Threatens to win with ...Ne5. Black is pushing.} 26. Ne2 {[%cal Rc1c3]} Nxf2 $2 (26... Ne5 $1 $17 {[%cal Re5d3]} 27. Qxc3 Qxc3 28. Nxc3 Rxd2) 27. Qd7 $2 {[#]} (27. Qxc3 $16 {is necessary to keep the advantage.} Qxc3 28. Nxc3 Rxd2 29. Ne2 Rxc1 30. Rxc1) 27... Qc6+ $2 (27... Rxd2 $1 $17 {stays on course.} 28. Qxd2 Qc6+ 29. Kf1 Nfe4) 28. Qxc6 $16 Rxc6 29. Kxf2 $2 {[%mdl 8192]} (29. Nxc3 $16 Rxd2 30. Ne2) 29... Rxd2 $19 30. Kf3 Rd3 31. Rc2 g5 32. Nd4 (32. Nxc3 $142 Rdxc3 33. Rxc3 Rxc3 34. Rb1) 32... Rc4 {Black has a decisive advantage.} 33. Kg2 Rc5 34. Nb3 Re5 {Accuracy: White = 33%, Black = 60%.} 0-1

[Event "RUS Cup Final Men 2018"]
[Site "Khanty-Mansiysk"]
[Date "2018.12.05"]
[Round "1.1"]
[White "Drygalov, Andrey"]
[Black "Alekseenko, Kirill"]
[Result "1-0"]
[WhiteElo "2481"]
[BlackElo "2638"]
[Annotator "TA"]
[PlyCount "83"]
[EventDate "2018.12.05"]
[EventType "k.o."]
[EventCountry "RUS"]
[SourceTitle "playchess.com"]
[Source "ChessBase"]
[SourceQuality "1"]

{[%evp 24,83,35,29,31,32,43,0,50,44,42,46,33,24,27,36,31,30,25,0,0,0,2,0,0,0,69,0,4,10,9,0,0,0,12,15,34,34,65,18,73,85,78,81,93,79,79,85,170,170,170,170,191,191,231,227,266,227,503,310,299,298]} 1. e4 c5 2. Nf3 Nc6 3. Bb5 g6 4. Bxc6 dxc6 5. d3 Bg7 6. h3 Nf6 {[%cal Bg8f6,Bf6d7,Bd7f8,Bf8e6,Be6d4][%mdl 32]} 7. Nc3 Nd7 8. Be3 e5 9. Qd2 h6 {B31: Sicilian: 2...Nc6 3 Bb5 g6} 10. Nh2 (10. O-O Qe7 11. Nh2 Nf8 12. f4 exf4 13. Bxf4 Ne6 14. Bg3 Nd4 15. e5 Bf5 16. Rae1 O-O-O 17. Ne4 Bxe4 18. Rxe4 {½-½ (42) Amin,B (2686)-Flores,D (2621) Batumi 2018}) 10... b6 11. O-O Nf8 12. f4 exf4 13. Bxf4 {LiveBook: 3 Games} Ne6 14. Be3 Nd4 $1 15. Nd1 {[%cal Bc3d1,Bd1f2,Bf2g4][%mdl 32]} Be6 $146 ({Predecessor:} 15... g5) 16. c3 Nb5 17. Nf2 g5 18. Nfg4 f6 19. a4 Nd6 20. a5 {aiming for axb6.} O-O 21. axb6 axb6 22. Rxa8 Qxa8 23. b4 cxb4 24. cxb4 f5 {[#]} ({Better is} 24... Qb7 $11) 25. exf5 (25. Nxh6+ $1 $14 {[%mdl 512]} Bxh6 26. Bxg5) 25... Nxf5 $11 26. Bxb6 Qb7 $132 {[%mdl 2048] Black has counterplay} 27. Bc5 Ra8 $1 28. Qe1 Qd7 29. Ne5 Qd5 30. Nhf3 Kh7 31. Qe4 Ra2 (31... Qxe4 $11 32. dxe4 Ng3) 32. Bf2 $16 Qxe4 33. dxe4 {[%cal Bd3e4,Be4e5,Be5e6][%mdl 32]} Nd6 34. Re1 Ra6 35. Bc5 Nc4 (35... Nb5 $16) 36. Nxc4 $18 Bxc4 37. e5 Kg6 38. Nd4 Ra2 39. Nxc6 Kf7 40. Rd1 Ke6 $2 (40... Re2 41. Rd4 Bb5) 41. Nd8+ Kf5 {[#]} 42. e6 $1 {Accuracy: White = 77%, Black = 44%.} 1-0

[Event "RUS Cup Final Men 2018"]
[Site "Khanty-Mansiysk"]
[Date "2018.12.06"]
[Round "1.2"]
[White "Alekseenko, Kirill"]
[Black "Drygalov, Andrey"]
[Result "1-0"]
[WhiteElo "2638"]
[BlackElo "2481"]
[Annotator "TA"]
[PlyCount "109"]
[EventDate "2018.12.05"]
[EventType "k.o."]
[EventCountry "RUS"]
[SourceTitle "playchess.com"]
[Source "ChessBase"]
[SourceQuality "1"]

{[%evp 22,109,87,94,113,70,74,73,76,74,68,57,58,68,52,0,0,6,12,0,22,-22,0,0,19,0,-5,-53,-21,-55,83,95,102,85,90,65,194,121,212,199,223,211,222,237,225,198,315,305,295,263,245,199,272,273,288,297,383,298,381,305,297,270,379,257,429,407,397,416,596,593,798,809,835,788,1083,1072,1018,1033,1012,1018,1384,1300,1847,1666,1724,1691,1702,1591,2058,2035]} 1. e4 c5 2. Nf3 d6 3. d4 cxd4 4. Nxd4 Nf6 5. Nc3 a6 6. Be2 e5 7. Nb3 Be7 8. Be3 O-O 9. g4 Be6 10. g5 Ne8 {B92: Sicilian Najdorf: 6 Be2} (10... Nfd7 11. Qd2 Nb6 12. Nd5 Nxd5 13. exd5 Bf5 14. f4 Nd7 15. fxe5 Nxe5 16. Rf1 Be4 17. Rf4 Bg6 18. h4 Rc8 19. Nd4 {1-0 (64) Karjakin,S (2773)-Duda,J (2737) chess.com INT 2018}) 11. Qd2 Nd7 12. O-O-O {LiveBook: 3 Games} b5 {White is better.} 13. Nd5 Bxd5 14. exd5 b4 $146 ({Predecessor:} 14... f5 15. Na5 Nc7 16. Nc6 Qe8 17. f4 e4 18. h4 {1-0 (46) Chomczyk,M (2247)-Siembab,B (2136) Lazy 2018}) 15. Kb1 a5 {[%cal Ba6a5,Ba5a4][%mdl 32]} 16. Bb5 a4 17. Nc1 Nc5 18. Qxb4 Bxg5 19. Bxg5 Qxg5 20. Bc6 Rd8 21. Bxa4 Nf6 22. Bb5 Qf5 23. Qe1 Rb8 24. a4 Rfc8 $1 {[%mdl 1024] Black has compensation.} 25. Na2 Qf4 {[#]} (25... Ra8 $1 $15 26. Qb4 Qxf2) 26. Qe3 $1 $16 Qh4 {[#]} 27. Qg3 $1 {[%cal Rg3h4]} Qh6 28. f3 e4 (28... Nfd7 $14) 29. b4 (29. Qxd6 exf3 30. Nc3 f2 $16) (29. Rhf1 $18) 29... Ncd7 (29... Rxb5 $16 30. axb5 Ncd7 31. Qxd6 exf3) 30. Qxd6 $18 Qe3 31. Bxd7 Rd8 32. fxe4 Nxd7 33. Qg3 Qxe4 (33... Qa7 $142 34. Qa3 Nb6) 34. Rhe1 Qc4 35. Qb3 Qh4 36. Ka1 Qxh2 (36... Nc5 {is a better defense.} 37. Qa3 (37. bxc5 Rxb3 38. cxb3 Qf6+ 39. Kb1 Qf3 $11) 37... Ne4) 37. c4 h5 38. Qc3 Rdc8 39. a5 Qf2 40. Rf1 Qe2 41. Rg1 {[%csl Gg1][%cal Rc3g7]} g6 (41... f6 {was worth a try.} 42. Rde1 Qf2) 42. Rde1 Qf2 $2 (42... Qh2 43. Qd4 Nc5) 43. Rgf1 Qh4 44. c5 {[%cal Bc4c5,Bc5c6,Bc6c7][%mdl 32]} Qg5 (44... Nxc5 $142 45. bxc5 Rb5) 45. Qd4 {White is clearly winning.} h4 46. c6 Nf8 47. Rh1 Re8 48. c7 Rxe1+ 49. Rxe1 Rc8 50. d6 Nd7 51. Nc3 Qg3 52. Re3 Qg1+ 53. Kb2 Qf2+ 54. Kb3 Qf5 55. Qxh4 {Accuracy: White = 66%, Black = 42%.} 1-0